| 000 -LEADER |
| fixed length control field |
00334nam a2200133 4500 |
| 003 - CONTROL NUMBER IDENTIFIER |
| control field |
OSt |
| 005 - DATE AND TIME OF LATEST TRANSACTION |
| control field |
20210622134309.0 |
| 008 - FIXED-LENGTH DATA ELEMENTS--GENERAL INFORMATION |
| fixed length control field |
210622b ||||| |||| 00| 0 eng d |
| 020 ## - INTERNATIONAL STANDARD BOOK NUMBER |
| International Standard Book Number |
9781616898656 |
| 082 ## - DEWEY DECIMAL CLASSIFICATION NUMBER |
| Classification number |
724.6 |
| Item number |
JOH |
| 100 ## - MAIN ENTRY--PERSONAL NAME |
| Personal name |
John Marris Dixan |
| 245 ## - TITLE STATEMENT |
| Title |
Paul Rudolph : Inspiration and Process in Architecture |
| 942 ## - ADDED ENTRY ELEMENTS (KOHA) |
| Source of classification or shelving scheme |
|